000 00677nam a2200289Ia 4500
005 20260324133821.0
008 008 260324s9999 xx 000 0 eng d
020 _a9780203996386
037 _aEBOOK
040 _aCRL
040 _beng
040 _cCRL
041 _2eng
041 _aeng
084 _qCRL
100 _aYumiko Iida
_91194513
245 0 _aRethinking Identity in Modern Japan
245 0 _bNationalism as Aesthetics
260 _bTaylor and Francis
260 _c2002
365 _a
365 _b240
856 _uhttp://www.taylorfrancis.com/books/9780203996386
942 _cEBOOK
999 _c1793946
_d1793946